Catalogue of European paintings from the Carnegie International Exhibition : The Art Institute of Chicago, March 10 to April 21, 1931 The Art Institute of Chicago, March 10 to April 21, 1931

Publicat: [Chicago] : The Art Institute of Chicago , 1931
Descripció física: 54 pàg. : il. b/n ; 22 cm
Idioma: English

MARC

LEADER 00000nam a22000007a 4500
001 24825
003 AGDB
005 20260324181536.0
008 251015b -us||||| |||| 00| 0 eng d
041 |a eng 
245 |a Catalogue of European paintings from the Carnegie International Exhibition :   |b The Art Institute of Chicago, March 10 to April 21, 1931 
260 |a [Chicago] :  |b The Art Institute of Chicago ,  |c [1931?] 
300 |a 54 pàg. :  |b il. b/n ;  |c 22 cm 
500 |a Prové del fons Joan Junyer i Pascual (1909-1994) 
610 0 |a Art Institute of Chicago  |v Catàlegs  |2 lemac  |9 72497 
650 0 |a Pintura europea  |y S. XX  |9 72498  |v Catàlegs 
650 0 |a Fons Joan Junyer i Pascual (1909-1994)  |9 72777 
710 |a Art Institute of Chicago  |9 72497 
942 |2 udc  |c ARXIU  |n 1 
952 |0 0  |1 0  |4 0  |6 F50470  |7 1  |9 98465  |a Arxiu  |b Arxiu  |d 2025-10-15  |l 0  |o F-504-70  |p 24825  |r 2025-10-15 10:01:21  |w 2025-10-15  |y ARXIU 
999 |c 130219  |d 130219